Riding freedom / (Record no. 3921)

MARC details
000 -LEADER
fixed length control field 00805nam a22002537a 4500
001 - CONTROL NUMBER
control field 3921
003 - CONTROL NUMBER IDENTIFIER
control field FISKH
005 - DATE AND TIME OF LATEST TRANSACTION
control field 20250403161200.0
008 - FIXED-LENGTH DATA ELEMENTS--GENERAL INFORMATION
fixed length control field 240523b cb ||||| |||| 00| 0 eng d
040 ## - CATALOGING SOURCE
Original cataloging agency FISK
Language of cataloging eng
Transcribing agency FISK
Modifying agency FISK
050 ## - LIBRARY OF CONGRESS CALL NUMBER
Classification number PZ7.R9553
082 ## - DEWEY DECIMAL CLASSIFICATION NUMBER
Classification number 813
100 ## - MAIN ENTRY--PERSONAL NAME
Personal name Ryan Muñoz Pam
Dates associated with a name 1951-
245 ## - TITLE STATEMENT
Title Riding freedom /
Statement of responsibility, etc. Pam Muñoz Ryan
260 ## - PUBLICATION, DISTRIBUTION, ETC.
Place of publication, distribution, etc. New York :
Name of publisher, distributor, etc. Scholastic ,
Date of publication, distribution, etc. 2007
300 ## - PHYSICAL DESCRIPTION
Extent 138 pages :
Other physical details illustrations ;
Dimensions 20 cm
505 ## - FORMATTED CONTENTS NOTE
Formatted contents note M<br/>
520 ## - SUMMARY, ETC.
Summary, etc. A fictionalized account of Charley (Charlotte) Parkhurst who ran away from an orphanage, posed as a boy, moved to California, and fooled everyone by her appearance.<br/>
521 8# - TARGET AUDIENCE NOTE
Target audience note 720<br/>
Source Lexile<br/>
521 8# - TARGET AUDIENCE NOTE
Target audience note M<br/>
Source Raz-Plus<br/>
700 ## - ADDED ENTRY--PERSONAL NAME
Personal name Pam Muñoz Ryan
942 ## - ADDED ENTRY ELEMENTS (KOHA)
Source of classification or shelving scheme Dewey Decimal Classification
Koha item type Books
Suppress in OPAC No
Holdings
Withdrawn status Lost status Source of classification or shelving scheme Damaged status Not for loan Collection Home library Current library Shelving location Date acquired Total Checkouts Full call number Barcode Date last seen Copy number Price effective from Koha item type
    Dewey Decimal Classification     Juvenile Fiction Footprints International School Library Network Toul Tom Poung Campus Footprints International School Library Network Toul Tom Poung Campus TTP Primary Orange Bookshelves 05/23/2024   RYA PZ7.R9553 813 2024-0687 05/23/2024 1 05/23/2024 Books
    Dewey Decimal Classification     Juvenile Fiction Footprints International School Library Network Toul Tom Poung Campus Footprints International School Library Network Toul Tom Poung Campus TTP Primary Orange Bookshelves 04/03/2025   RYA PZ7.R9553 813 2025-0954 04/03/2025 2 04/03/2025 Books